|
|
|
|
| LEADER |
00000nam0a2200000 4500 |
| 001 |
189274 |
| 005 |
20231031175206.0 |
| 010 |
|
|
|a 9785170555208
|
| 035 |
|
|
|a (RuTPU)RU\TPU\book\205671
|
| 090 |
|
|
|a 189274
|
| 100 |
|
|
|a 20101222d2008 m y0rusy50 ca
|
| 101 |
0 |
|
|a rus
|
| 102 |
|
|
|a RU
|
| 105 |
|
|
|a y z 000ay
|
| 200 |
1 |
|
|a Победитель
|e роман
|f А. Г. Волос
|
| 210 |
|
|
|a Москва
|c АСТ
|d 2008
|
| 215 |
|
|
|a 608 с.
|
| 330 |
|
|
|a Андрей Волос — писатель, мастер рассказа, романист. Лауреат престижных российских и международных литературных премий (в том числе Москва—Пенне, «Антибукер»). В 2001 году Андрею Волосу была присуждена Государственная премия Российской Федерации. Автор романов «Хуррамабад», «Недвижимость», «Маскавская Мекка», «Аниматор», нескольких книг рассказов и повестей. Лучшая на сегодня книга Андрея Волоса — роман «Победитель» — открывает задуманную автором трилогию — широкую панораму российской истории от кровавых афганских сражений до террористических войн нашего времени. Старший лейтенант КГБ Александр Плетнев проходит долгий путь, полный трагических случайностей и разочарований. Глубокая достоверность повествования заставляет читателя неотрывно следить за перипетиями событий.
|
| 610 |
1 |
|
|a русская литература
|
| 610 |
1 |
|
|a романы
|
| 610 |
1 |
|
|a Афганистан
|
| 610 |
1 |
|
|a афганская война
|
| 610 |
1 |
|
|a история
|
| 610 |
1 |
|
|a 20 век
|
| 675 |
|
|
|a Р2
|v 3
|
| 700 |
|
1 |
|a Волос
|b А. Г.
|g Андрей Германович
|
| 801 |
|
1 |
|a RU
|b 63413507
|c 20101222
|
| 801 |
|
2 |
|a RU
|b 63413507
|c 20101229
|g RCR
|
| 942 |
|
|
|c BK
|